000 00261 a2200121 4500
001 150606
040 _cEscola São Tomás de Aquino
100 _aMARQUES, Cristina
240 1 0 _aCumprimento
_lpor
245 1 0 _aCumprimento
697 _aRELIGIÃO
942 _cBK
999 _c150606
_d150606